|
|
|
|
| LEADER |
00884nam a2200265 a 4500 |
| 001 |
000078861 |
| 003 |
CZ BrMZK |
| 005 |
19960713143423.0 |
| 008 |
960710s1996 xr f cze d |
| 020 |
|
|
|a 80-7180-143-7
|
| 040 |
|
|
|a BOA001
|b cze
|
| 041 |
1 |
|
|a cze
|h eng
|
| 080 |
|
|
|a 623.746.4
|2 MRF
|
| 100 |
1 |
|
|a Gunston, Bill,
|d 1927-2013
|7 mzk2005266400
|4 aut
|
| 245 |
1 |
0 |
|a Bombardéry druhé světové války /
|c Bill Gunston ; [překlad z angličtiny]
|
| 250 |
|
|
|a Čes. vyd. 1.
|
| 260 |
|
|
|a Praha :
|b Svojtka a Vašut,
|c 1996
|
| 300 |
|
|
|a 161 s. :
|b il. ;
|c 22 cm
|
| 490 |
1 |
|
|a Ilustrovaný průvodce
|
| 653 |
0 |
|
|a bombardovací letadla
|
| 765 |
0 |
|
|t Bombers of world war II
|
| 830 |
|
0 |
|a Ilustrovaný průvodce (Svojtka a Vašut)
|
| 910 |
|
|
|a BOA001
|b TK-0259.295
|
| 990 |
|
|
|a BK
|
| 996 |
7 |
|
|b 2620004564
|c TK-0259.295
|l MZK
|r Sklad / do 24 hodin
|n 3
|p kup
|w 000078861
|u 000010
|a 1
|e BOA001
|j MZK50
|s A
|